EU SILC 2016 zisťovanie o príjmoch a životných podmienkach domácností v SR

Salvato in:
Dettagli Bibliografici
Natura: Libro
Lingua:slovacco
Pubblicazione: Bratislava Štatistický úrad Slovenskej republiky 2017
Serie:Demografia a sociálna štatistika
Soggetti:
Tags: Aggiungi Tag
Nessun Tag, puoi essere il primo ad aggiungerne!!

MARC

LEADER 00000nlm$a2200000$$$4500
001 0234248
005 20240515113134.0
020 |a 978-80-8121-556-8 
041 0 |a slo 
044 |a SK 
245 1 0 |a EU SILC 2016  |b zisťovanie o príjmoch a životných podmienkach domácností v SR 
264 1 |a Bratislava  |b Štatistický úrad Slovenskej republiky  |c 2017 
300 |a 80 s. 
490 1 |a Demografia a sociálna štatistika 
830 0 |a Demografia a sociálna štatistika 
500 |a Zdroj dokumentu: Štatistický úrad SR 
610 2 0 |a domácnosti 
610 2 0 |a situácia sociálna 
610 2 0 |a podmienky životné 
610 2 0 |a príjmy 
610 2 0 |a výdavky obyvateľstva 
610 2 0 |a bývanie 
610 2 0 |a chorobnosť 
610 2 0 |a chudoba 
610 2 0 |a Slovensko 
610 2 0 |a Európska únia